000 00551nam a2200181Ia 4500
008 090124s9999 xx 000 0 und d
082 _b3636
_a255
100 _aपवार बा. ग.
245 _a जमीनीसंबंधी माहिती
250 _a1
260 _c1928
300 _a40
600 _aपवार बा. ग.
630 _a जमीनीसंबंधी माहिती
700 _aपवार बा. ग.
730 _a जमीनीसंबंधी माहिती
942 _cBOOK
999 _c117577
_d117577